Návrh a realizácia merania teploty kovu potrubia pre systém monitorovania nešpecifikovaných zaťažení vybraných komponentov primárneho okruhu
Uložené v:
| Hlavný autor: | |
|---|---|
| Ďalší autori: | |
| Médium: | Rukopis Kniha |
| Jazyk: | Slovak |
| Vydavateľské údaje: |
2015
|
| Predmet: | |
| On-line prístup: | http://is.stuba.sk/zp/portal_zp.pl?podrobnosti=110171 |
| Tagy: |
Žiadne tagy, Buďte prvý, kto otaguje tento záznam!
|
MARC
| LEADER | 00000ntm a22000003a 4500 | ||
|---|---|---|---|
| 001 | stuzp50711 | ||
| 003 | SK-STU | ||
| 005 | 20160719153635.3 | ||
| 007 | ta | ||
| 008 | 150427s2015----xo-----f-mn---000-0-slo-d | ||
| 040 | |a STU |b slo | ||
| 041 | 0 | |a slo | |
| 100 | 1 | |a Bott, Juraj, |d 1990- |u 066000 |4 aut |U MTF Materiálovotechnologická fakulta |T MTF Ústav aplikovanej informatiky, automatizácie a mechatroniky |X 6447 |U M6000 |Y 86 |7 A000006447 | |
| 242 | 0 | 1 | |a Design and implementation of metal pipe temperature measurement for system monitoring unspecified loads of selected components in primary circuit |y eng |
| 245 | 1 | 0 | |a Návrh a realizácia merania teploty kovu potrubia pre systém monitorovania nešpecifikovaných zaťažení vybraných komponentov primárneho okruhu |
| 260 | |c 2015 | ||
| 650 | 4 | |a odporový teplomer |2 slo | |
| 650 | 4 | |a Ethernet |2 slo | |
| 650 | 4 | |a PLC |2 slo | |
| 650 | 4 | |a Automation studio |2 slo | |
| 650 | 4 | |a protokol TCI/IP |2 slo | |
| 650 | 4 | |a vizualizácia |2 slo | |
| 650 | 4 | |a termočlánok |2 slo | |
| 650 | 4 | |a thermocouple |2 eng | |
| 650 | 4 | |a resistance thermometer |2 eng | |
| 650 | 4 | |a Ethernet |2 eng | |
| 650 | 4 | |a protocol TCP/IP |2 eng | |
| 650 | 4 | |a PLC |2 eng | |
| 650 | 4 | |a Automation studio |2 eng | |
| 650 | 4 | |a visualization |2 eng | |
| 700 | 1 | |a Škulavík, Tomáš, |d 1985- |4 ths |X 34937 |7 A000034937 | |
| 856 | 4 | |u http://is.stuba.sk/zp/portal_zp.pl?podrobnosti=110171 | |
| 996 | |c M* DP-12415 |l MMSKP |s P |a 0 |w stuzp50711_0001 | ||
| SQL | |a stuzp50711 |b DDP |c SLO |d Návrh a realizácia merania teploty kovu potrubia pre systém monitorovania nešpecifikovaných zaťažení vybraných komponentov primárneho okruhu |e 6447 |f Bott, Juraj |g 066000 |h 34937 |i Škulavík, Tomáš |j 20150602 |k 965 |l 06 |m http://is.stuba.sk/zp/portal_zp.pl?podrobnosti=110171 |n I-AIPP |o 5.2.14. automatizácia | ||